000 01197cam a2200337 i 4500
001 37739
003 Mx-PuUPA
005 20240219090920.0
008 140415s1987 nyub jr 000 fdeng d
020 _a055321313X
040 _cMx-PuUPA
_aMx-PuUPA
_bspa
_dMx-PuUPA
_erda
041 0 _aeng
100 1 _aMontgomery, L.M.,
_eautor
245 1 0 _aAnne of green gables /
_cL.M. Montgomery
250 _aBantam classic edition /
_bSpecial collector's edition
264 1 _aNew York, NY :
_bBantam Books,
_c1987
300 _axxiv, 308 páginas, 16 páginas sin numerar :
_bmapas ;
_c18 cm
336 _2rdacontent
_atexto
_btxt
337 _2rdamedia
_asin medio
_bn
338 _2rdacarrier
_avolumen
_bnc
490 0 _aThe Anne of green gables novels ;
_v1
490 0 _aA Bantam Classic
500 _a"With a biography of L.M. Montgomery by Caroline Parry". -- Portada.
650 7 _2armarc
_aHuérfanos
_vNovela
650 7 _2armarc
_aAmistad
_vNovela
650 7 _2armarc
_aIsla del Príncipe Eduardo
_xHistoria
_ySiglo XX
_vNovela
651 4 _aCanadá
_xHistoria
_y1867-1914
_xNovela
942 _2ddc
_cLI
_h813.54
_iM734
999 _c37739
_d37739